[Event "SonFlow Cup"]
[Site "Kolding"]
[Date "2024.04.14"]
[Round "4"]
[White "Kopylov, Michael"]
[Black "Heimisson, Hilmir Freyr"]
[Result "1-0"]
[WhiteElo "2364"]
[BlackElo "2361"]
[PlyCount "119"]
[EventDate "2024.04.12"]
[EventType "swiss"]
[EventRounds "5"]
[EventCountry "DEN"]
[SourceTitle "CB17_2024"]
[SourceDate "2024.04.24"]
[SourceVersion "1"]
[SourceVersionDate "2024.04.24"]
[SourceQuality "1"]

1. d4 d5 2. c4 c6 3. Nf3 Nf6 4. e3 Bf5 5. Nc3 e6 6. Nh4 Be4 7. f3 Bg6 8. Qb3 Qc7 9. Bd2 a5 10. Rc1 Be7 11. g3 Nbd7 12. Kf2 dxc4 13. Bxc4 0-0 14. Nxg6 hxg6 15. Be2 Rad8 16. Nb5 Qb8 17. Na3 Qa7 18. Qa4 Ra8 19. Rhd1 Rfd8 20. Qc2 e5 21. dxe5 Nxe5 22. Nc4 Nxc4 23. Bxc4 Nd5 24. Ke2 Nb6 25. Be1 a4 26. e4 Nxc4 27. Qxc4 Qg1 28. h4 Rxd1 29. Rxd1 Bc5 30. Rd3 b6 31. Kd2 Kh7 32. e5 a3 33. bxa3 Qg2+ 34. Kd1 Qf1 35. h5 Ra4 36. hxg6+ fxg6 37. Qc2 Rxa3 38. Rxa3 Bxa3 39. Qe4 Be7 40. Kc2 c5 41. f4 Qa6 42. a4 Qc8 43. e6 Qe8 44. Bc3 Kg8 45. g4 Kh7 46. f5 Bg5 47. Kb3 Kg8 48. Qb7 c4+ 49. Ka3 Be7+ 50. Bb4 Bf6 51. Qd5 gxf5 52. e7+ Kh8 53. Qb5 Qxb5 54. axb5 Bxe7 55. Bxe7 fxg4 56. Bd8 Kg8 57. Bxb6 Kf7 58. Kb4 Ke6 59. Kxc4 Kd7 60. Bf2 1-0

[Event "SonFlow Cup"]
[Site "Kolding"]
[Date "2024.04.13"]
[Round "2"]
[White "Skytte, Rasmus"]
[Black "Kopylov, Michael"]
[Result "1-0"]
[WhiteElo "2345"]
[BlackElo "2364"]
[PlyCount "67"]
[EventDate "2024.04.12"]
[EventType "swiss"]
[EventRounds "5"]
[EventCountry "DEN"]
[SourceTitle "CB17_2024"]
[SourceDate "2024.04.24"]
[SourceVersion "1"]
[SourceVersionDate "2024.04.24"]
[SourceQuality "1"]

1. e4 e6 2. d4 d5 3. Bd3 dxe4 4. Bxe4 Nf6 5. Bf3 c5 6. Ne2 Be7 7. Be3 0-0 8. Nbc3 Qc7 9. 0-0 Rd8 10. Nb5 Qb6 11. c4 Nc6 12. b4 cxb4 13. Qc2 Qa5 14. a3 b3 15. Qxb3 a6 16. Nbc3 Qc7 17. c5 Na5 18. Qb4 Nc6 19. Qb3 Na5 20. Qb4 Nc6 21. Qb2 Na5 22. Bf4 Qd7 23. Rfd1 Nd5 24. Nxd5 exd5 25. Nc3 Qf5 26. Bc7 Nc4 27. Qe2 Be6 28. Bxd8 Rxd8 29. Nxd5 Rxd5 30. Qxc4 Rxc5 31. Qb4 Rc7 32. Qb6 Qf4 33. d5 Bc5 34. dxe6 1-0

[Event "SonFlow Cup"]
[Site "Kolding"]
[Date "2024.04.12"]
[Round "1"]
[White "Kopylov, Michael"]
[Black "Fromm, Marius"]
[Result "1/2-1/2"]
[WhiteElo "2364"]
[BlackElo "2454"]
[PlyCount "60"]
[EventDate "2024.04.12"]
[EventType "swiss"]
[EventRounds "5"]
[EventCountry "DEN"]
[SourceTitle "CB17_2024"]
[SourceDate "2024.04.24"]
[SourceVersion "1"]
[SourceVersionDate "2024.04.24"]
[SourceQuality "1"]

1. d4 d5 2. Nf3 Nf6 3. c4 e6 4. g3 Bb4+ 5. Bd2 Be7 6. Bg2 0-0 7. 0-0 c6 8. Qc2 Nbd7 9. Bf4 a5 10. Rd1 h6 11. Ne5 a4 12. Nc3 a3 13. b3 Qa5 14. Rac1 Rd8 15. e4 Nxe5 16. dxe5 Nxe4 17. Nxe4 dxe4 18. Bxe4 Bd7 19. Qe2 Be8 20. Qg4 Rxd1+ 21. Rxd1 Rd8 22. h4 Rxd1+ 23. Qxd1 g5 24. hxg5 hxg5 25. Kf1 gxf4 26. Qh5 Bd8 27. Qh6 Qxe5 28. Bh7+ Kh8 29. Bg6+ Kg8 30. Bh7+ Kh8 1/2-1/2

[Event "Bremen Jubilee 125 op"]
[Site "Bremen"]
[Date "2024.03.09"]
[Round "8"]
[White "Kopylov, Michael"]
[Black "Colbow, Collin"]
[Result "1/2-1/2"]
[WhiteElo "2352"]
[BlackElo "2373"]
[PlyCount "33"]
[EventDate "2024.03.02"]
[EventType "swiss"]
[EventRounds "9"]
[EventCountry "GER"]
[SourceTitle "CB11_2024"]
[SourceDate "2024.03.13"]
[SourceVersion "1"]
[SourceVersionDate "2024.03.13"]
[SourceQuality "1"]

1. d4 Nf6 2. c4 e6 3. g3 d5 4. Bg2 Bb4+ 5. Bd2 Be7 6. Nf3 0-0 7. 0-0 Nbd7 8. Qc2 c6 9. Bf4 b6 10. cxd5 cxd5 11. Rc1 Bb7 12. Nc3 Rc8 13. Qd1 Nh5 14. Be3 Nhf6 15. Bf4 Nh5 16. Be3 Nhf6 17. Bf4 1/2-1/2

[Event "Bremen Jubilee 125 op"]
[Site "Bremen"]
[Date "2024.03.07"]
[Round "6"]
[White "Krastev, Alexander"]
[Black "Kopylov, Michael"]
[Result "1/2-1/2"]
[WhiteElo "2457"]
[BlackElo "2352"]
[PlyCount "49"]
[EventDate "2024.03.02"]
[EventType "swiss"]
[EventRounds "9"]
[EventCountry "GER"]
[SourceTitle "CB11_2024"]
[SourceDate "2024.03.13"]
[SourceVersion "1"]
[SourceVersionDate "2024.03.13"]
[SourceQuality "1"]

1. e4 e6 2. d3 c5 3. Nf3 Nc6 4. g3 d5 5. Qe2 Nf6 6. Bg2 Be7 7. 0-0 dxe4 8. dxe4 e5 9. Rd1 Qc7 10. c3 0-0 11. Na3 Be6 12. Bg5 Rfd8 13. Nc4 Rxd1+ 14. Rxd1 Rd8 15. Rxd8+ Bxd8 16. b3 b5 17. Bxf6 Bxf6 18. Ne3 b4 19. Nd5 Qa5 20. c4 Nd4 21. Nxd4 cxd4 22. Qd2 Bxd5 23. exd5 Qc5 24. Be4 g6 25. g4 1/2-1/2

[Event "Copenhagen GoAudit op"]
[Site "Copenhagen"]
[Date "2023.11.11"]
[Round "4"]
[White "Hald Falkesgaard, Jeppe"]
[Black "Kopylov, Michael"]
[Result "1/2-1/2"]
[WhiteElo "2176"]
[BlackElo "2372"]
[PlyCount "120"]
[EventDate "2023.11.10"]
[EventType "swiss"]
[EventRounds "7"]
[EventCountry "DEN"]
[SourceTitle "CB47_2023"]
[SourceDate "2023.11.22"]
[SourceVersion "1"]
[SourceVersionDate "2023.11.22"]
[SourceQuality "1"]

1. c4 e6 2. g3 d5 3. Bg2 Nf6 4. Nf3 Be7 5. 0-0 0-0 6. b3 c5 7. cxd5 exd5 8. d4 Nc6 9. Nc3 Ne4 10. Bb2 Bf6 11. Na4 b6 12. Rc1 Re8 13. dxc5 Bxb2 14. Nxb2 bxc5 15. Nd2 Nf6 16. Rxc5 Nd4 17. e3 Ne6 18. Rc1 Qa5 19. Ndc4 Qa6 20. Na4 Bd7 21. Bxd5 Rad8 22. Bxe6 Qxe6 23. Nc5 Qh3 24. Qe2 Bb5 25. e4 Rd5 26. b4 h5 27. f3 h4 28. g4 a5 29. a3 axb4 30. axb4 Rd4 31. Nb3 Rxc4 32. Rxc4 Nxg4 33. Nd2 Ne5 34. Rfc1 Bxc4 35. Rxc4 Rd8 36. Rc3 Qd7 37. Nf1 Qd4+ 38. Qe3 Qxb4 39. Rb3 Qd6 40. Rb2 Qf6 41. Rb6 Qxf3 42. Qxf3 Nxf3+ 43. Kf2 Ng5 44. Ke3 Rd1 45. Nd2 Rh1 46. Kf4 Rxh2 47. Kxg5 Rxd2 48. Kxh4 Rd4 49. Rb8+ Kh7 50. Re8 f5 51. Kg5 Rxe4 52. Ra8 Re5 53. Ra7 Rb5 54. Rf7 Ra5 55. Rf8 g6 56. Rf7+ Kg8 57. Rf6 Kh7 58. Rf7+ Kg8 59. Rf6 f4+ 60. Kxg6 Ra7 1/2-1/2

[Event "Copenhagen GoAudit op"]
[Site "Copenhagen"]
[Date "2023.11.11"]
[Round "5"]
[White "Kopylov, Michael"]
[Black "Ostergaard, Jens"]
[Result "1-0"]
[WhiteElo "2372"]
[BlackElo "2278"]
[PlyCount "57"]
[EventDate "2023.11.10"]
[EventType "swiss"]
[EventRounds "7"]
[EventCountry "DEN"]
[SourceTitle "CB47_2023"]
[SourceDate "2023.11.22"]
[SourceVersion "1"]
[SourceVersionDate "2023.11.22"]
[SourceQuality "1"]

1. d4 Nf6 2. c4 g6 3. g3 Bg7 4. Bg2 0-0 5. Nf3 d6 6. 0-0 Nbd7 7. Nc3 e5 8. e4 c6 9. h3 exd4 10. Nxd4 Re8 11. Be3 Nc5 12. Qc2 a5 13. Rad1 Qe7 14. Rfe1 Bd7 15. Bf4 Nh5 16. Nxc6 Bxc6 17. Bxd6 Qg5 18. h4 Qg4 19. Bxc5 Bxc3 20. Qxc3 Bxe4 21. f3 Qc8 22. Be3 Bc6 23. g4 Ng7 24. Bh6 Rxe1+ 25. Rxe1 Qf8 26. f4 f6 27. Bd5+ Kh8 28. Kh2 Qd6 29. Re6 1-0

[Event "Copenhagen GoAudit op"]
[Site "Copenhagen"]
[Date "2023.11.10"]
[Round "3"]
[White "Kopylov, Michael"]
[Black "Hector, Jonny"]
[Result "0-1"]
[WhiteElo "2372"]
[BlackElo "2437"]
[PlyCount "98"]
[EventDate "2023.11.10"]
[EventType "swiss"]
[EventRounds "7"]
[EventCountry "DEN"]
[SourceTitle "CB47_2023"]
[SourceDate "2023.11.22"]
[SourceVersion "1"]
[SourceVersionDate "2023.11.22"]
[SourceQuality "1"]

1. d4 d5 2. c4 c6 3. Nf3 Nf6 4. Qc2 g6 5. Bf4 Bg7 6. e3 0-0 7. Nc3 c5 8. dxc5 Qa5 9. Nd4 dxc4 10. Bxc4 Qxc5 11. Ncb5 Na6 12. 0-0 e5 13. Nb3 Qe7 14. Bg5 h6 15. Bxf6 Qxf6 16. Rfd1 Nb4 17. Qc3 Nc6 18. Nd6 Kh7 19. Nc5 Qe7 20. Nce4 f5 21. Nxc8 Raxc8 22. Nd6 Rcd8 23. Qa3 a6 24. Bb3 e4 25. Rac1 Ne5 26. Rd5 Nd3 27. Rc2 Bxb2 28. Qa5 Bg7 29. Rc7 Qf6 30. h3 Rxd6 31. Rxg7+ Kxg7 32. Qc7+ Rf7 33. Qxd6 Qxd6 34. Rxd6 Rc7 35. f3 Rc1+ 36. Kh2 Nc5 37. fxe4 fxe4 38. Rb6 Rc3 39. Bd5 Rxe3 40. Bxb7 Ra3 41. Bd5 e3 42. Bc4 Rc3 43. Bxa6 h5 44. h4 Ne4 45. Re6 Nf6 46. Kg3 Rc2 47. Rxe3 Rxa2 48. Be2 Nd5 49. Bc4 Rxg2+ 0-1

[Event "Split op 12th"]
[Site "Split"]
[Date "2023.08.11"]
[Round "7"]
[White "Kopylov, Michael"]
[Black "Zelcic, Robert"]
[Result "0-1"]
[WhiteElo "2367"]
[BlackElo "2477"]
[PlyCount "92"]
[EventDate "2023.08.05"]
[EventType "swiss"]
[EventRounds "9"]
[EventCountry "CRO"]
[SourceTitle "CBM 215 Extra"]
[Source "ChessBase"]
[SourceDate "2023.09.30"]
[SourceVersion "1"]
[SourceVersionDate "2023.09.30"]
[SourceQuality "1"]

1. d4 Nf6 2. c4 e6 3. g3 d5 4. Bg2 dxc4 5. Nf3 Bb4+ 6. Bd2 a5 7. 0-0 0-0 8. Bg5 h6 9. Bxf6 Qxf6 10. Qc2 Nc6 11. Qxc4 e5 12. a3 Bd6 13. d5 Nb8 14. Nc3 Bd7 15. Rac1 Na6 16. Nb5 Qe7 17. Nd2 Rfc8 18. Nb3 a4 19. Na5 Nc5 20. Nxd6 cxd6 21. Qb4 Rc7 22. Qb6 Bg4 23. Rc2 Qd8 24. h3 Ra6 25. Qb4 Nd3 26. exd3 Rxc2 27. Nxb7 Qc7 28. hxg4 Rb6 29. Qxa4 Rxb7 30. Qe8+ Kh7 31. d4 Rcxb2 32. dxe5 Qd7 33. Qxd7 Rxd7 34. exd6 Ra2 35. Rc1 Rxd6 36. Rc7 Rf6 37. f4 Rxa3 38. Kh2 Rb6 39. Be4+ g6 40. Rxf7+ Kg8 41. Rc7 Rb2+ 42. Kh3 Raa2 43. Rc8+ Kg7 44. g5 h5 45. Rc7+ Kf8 46. Rc8+ Ke7 0-1

[Event "Kolding SonFlow Cup 2"]
[Site "Kolding"]
[Date "2023.04.22"]
[Round "2"]
[White "Kopylov, Michael"]
[Black "Hansen, Mads"]
[Result "1-0"]
[WhiteElo "2354"]
[BlackElo "2408"]
[PlyCount "67"]
[EventDate "2023.04.21"]
[EventType "tourn"]
[EventRounds "5"]
[EventCountry "DEN"]
[EventCategory "4"]
[SourceTitle "CBM 213 Extra"]
[Source "ChessBase"]
[SourceDate "2023.05.31"]
[SourceVersion "1"]
[SourceVersionDate "2023.05.31"]
[SourceQuality "1"]

1. d4 d5 2. c4 c6 3. Nf3 Nf6 4. cxd5 cxd5 5. Nc3 Nc6 6. Bf4 a6 7. e3 Bg4 8. Bd3 e6 9. Rc1 Be7 10. h3 Bh5 11. 0-0 0-0 12. a3 Rc8 13. Na4 Nd7 14. b4 b5 15. Nc5 Bxc5 16. bxc5 e5 17. dxe5 Ndxe5 18. Be2 Nc4 19. a4 Nb2 20. Qb3 Nxa4 21. Bd6 Re8 22. Qxd5 Bg6 23. Nd4 Be4 24. Qa2 Qg5 25. Bg4 Bd5 26. Qd2 Nxd4 27. Qxd4 Re4 28. Qd2 Be6 29. Bf3 Rc4 30. c6 Nc5 31. Rxc4 Bxc4 32. Rd1 Nd3 33. Qa5 Ne5 34. Bxe5 1-0

[Event "Kolding SonFlow Cup 2"]
[Site "Kolding"]
[Date "2023.04.21"]
[Round "1"]
[White "Sidhant, Mohapatra"]
[Black "Kopylov, Michael"]
[Result "1/2-1/2"]
[WhiteElo "2376"]
[BlackElo "2354"]
[PlyCount "153"]
[EventDate "2023.04.21"]
[EventType "tourn"]
[EventRounds "5"]
[EventCountry "DEN"]
[EventCategory "4"]
[SourceTitle "CBM 213 Extra"]
[Source "ChessBase"]
[SourceDate "2023.05.31"]
[SourceVersion "1"]
[SourceVersionDate "2023.05.31"]
[SourceQuality "1"]

1. e4 Nf6 2. e5 Nd5 3. c4 Nb6 4. d4 d6 5. f4 dxe5 6. fxe5 Nc6 7. Be3 Bf5 8. Nc3 e6 9. Nf3 Be7 10. Be2 0-0 11. 0-0 f6 12. exf6 Bxf6 13. Qd2 Qe7 14. Rad1 Rad8 15. Kh1 h6 16. h3 Kh8 17. Bg1 Qe8 18. Qe3 Qe7 19. Ne4 Qb4 20. Nxf6 Rxf6 21. b3 Qa5 22. Bh2 Qxa2 23. Rd2 Qa5 24. Ne5 Nd7 25. Nxc6 bxc6 26. Rdd1 Bc2 27. Rc1 Rxf1+ 28. Rxf1 Rf8 29. Rc1 Bf5 30. Bf3 Qb6 31. c5 Qb5 32. Bxc7 Nf6 33. Bd6 Rf7 34. Be5 Kh7 35. Be2 Qb4 36. Rf1 Nd5 37. Qg3 Nf6 38. Bd3 Qd2 39. Bxf5+ exf5 40. Rxf5 Ne4 41. Qf3 Qe1+ 42. Kh2 Nd2 43. Rxf7 Nxf3+ 44. Rxf3 Kg8 45. Bd6 Qd1 46. Rf8+ Kh7 47. Rc8 Qxb3 48. Rxc6 Qd5 49. Rc7 Qxd4 50. Rxa7 h5 51. Rf7 Qc4 52. Rf4 Qd5 53. Rf3 g5 54. Re3 Kg6 55. Rc3 Qd4 56. Rc1 Qd2 57. Rf1 Qd3 58. Rf8 Qc4 59. Rc8 Qd5 60. Bb8 Qd7 61. Rg8+ Kf5 62. Rf8+ Ke4 63. Rg8 Kf5 64. Bg3 h4 65. Bd6 Qe6 66. Rf8+ Ke4 67. Rb8 Kf5 68. Rb4 Qd5 69. Rg4 Qc6 70. Rd4 Qb7 71. Rc4 Qd5 72. Rc1 Qd3 73. Bb8 Qb5 74. Bd6 Qd3 75. Bc7 g4 76. hxg4+ Kxg4 77. Ra1 1/2-1/2

[Event "BL2-Nord 2223"]
[Site "Germany"]
[Date "2023.03.19"]
[Round "10.5"]
[White "Rietze, Clemens"]
[Black "Kopylov, Michael"]
[Result "1/2-1/2"]
[WhiteElo "2299"]
[BlackElo "2371"]
[PlyCount "46"]
[EventDate "2022.10.22"]
[EventType "team-tourn"]
[EventRounds "10"]
[EventCountry "GER"]
[SourceTitle "EXT 2024"]
[Source "ChessBase"]
[SourceDate "2023.10.10"]
[SourceVersion "1"]
[SourceVersionDate "2023.10.10"]
[SourceQuality "1"]
[WhiteTeam "Koenig Tegel"]
[BlackTeam "Norderstedt"]
[WhiteTeamCountry "GER"]
[BlackTeamCountry "GER"]

1. d4 Nf6 2. c4 c5 3. d5 e6 4. Nc3 exd5 5. cxd5 d6 6. Nf3 g6 7. Nd2 Bg7 8. e4 0-0 9. Be2 Re8 10. 0-0 Na6 11. Re1 Nc7 12. a4 b6 13. Bb5 Nxb5 14. axb5 Nd7 15. Qc2 Ne5 16. b3 Qh4 17. Bb2 f5 18. exf5 Bxf5 19. Nce4 Ng4 20. h3 Nxf2 21. Bxg7 Nxe4 22. Nxe4 Rxe4 23. Qc3 Rae8 1/2-1/2

[Event "BL2-Nord 2223"]
[Site "Germany"]
[Date "2023.02.05"]
[Round "6.2"]
[White "Olsen, Filip Boe"]
[Black "Kopylov, Michael"]
[Result "1-0"]
[WhiteElo "2419"]
[BlackElo "2371"]
[PlyCount "81"]
[EventDate "2022.10.22"]
[EventType "team-tourn"]
[EventRounds "10"]
[EventCountry "GER"]
[SourceTitle "EXT 2024"]
[Source "ChessBase"]
[SourceDate "2023.10.10"]
[SourceVersion "1"]
[SourceVersionDate "2023.10.10"]
[SourceQuality "1"]
[WhiteTeam "Kiel Turm II"]
[BlackTeam "Norderstedt"]
[WhiteTeamCountry "GER"]
[BlackTeamCountry "GER"]

1. d4 c5 2. d5 Nf6 3. c4 b5 4. cxb5 a6 5. e3 axb5 6. Bxb5 Qa5+ 7. Nc3 Bb7 8. Bd2 Qb6 9. a4 Nxd5 10. Nf3 e6 11. 0-0 Be7 12. e4 Nxc3 13. Bxc3 0-0 14. Ne5 Qd8 15. Nxd7 Nxd7 16. Bxd7 Bxe4 17. Qg4 Bg6 18. Bc6 Ra7 19. Rfd1 Qb6 20. Bb5 Raa8 21. Qe2 Rfb8 22. Rd7 Bf6 23. Bxf6 gxf6 24. h4 h5 25. Rad1 Rd8 26. Qe3 Rxd7 27. Rxd7 Rc8 28. b4 Kg7 29. Rd1 Bc2 30. Rc1 Qd6 31. Qc3 Be4 32. bxc5 Qf4 33. Qe3 Qxe3 34. fxe3 Kf8 35. a5 Rb8 36. Be2 Rb2 37. Bf3 Bxf3 38. gxf3 Ke7 39. c6 Kd8 40. Ra1 Kc7 41. a6 1-0

[Event "BL2-Nord 2223"]
[Site "Germany"]
[Date "2022.10.22"]
[Round "1.2"]
[White "Kopylov, Michael"]
[Black "Janik, Igor"]
[Result "1/2-1/2"]
[WhiteElo "2371"]
[BlackElo "2542"]
[PlyCount "86"]
[EventDate "2022.10.22"]
[EventType "team-tourn"]
[EventRounds "10"]
[EventCountry "GER"]
[SourceTitle "EXT 2024"]
[Source "ChessBase"]
[SourceDate "2023.10.10"]
[SourceVersion "1"]
[SourceVersionDate "2023.10.10"]
[SourceQuality "1"]
[WhiteTeam "Norderstedt"]
[BlackTeam "St Pauli"]
[WhiteTeamCountry "GER"]
[BlackTeamCountry "GER"]

1. d4 g6 2. Nf3 Bg7 3. c4 c5 4. d5 f5 5. g3 d6 6. Bg2 Nh6 7. 0-0 Nf7 8. Qc2 0-0 9. Nc3 Nd7 10. Re1 Nf6 11. e4 fxe4 12. Nxe4 Bf5 13. Nh4 Bxe4 14. Bxe4 Nxe4 15. Qxe4 Bf6 16. Ng2 Qd7 17. a4 a6 18. a5 Rab8 19. h4 b6 20. axb6 Rxb6 21. Nf4 Qg4 22. Qe6 Qxe6 23. dxe6 Ne5 24. Nd5 Nf3+ 25. Kf1 Rb7 26. Re3 Bd4 27. Re2 Be5 28. Bh6 Ra8 29. Ra2 Raa7 30. Be3 Nd4 31. Bxd4 Bxd4 32. Ke1 a5 33. Kd1 Rb3 34. Kc2 a4 35. Kc1 h5 36. Kc2 Kg7 37. Kc1 Rab7 38. Rxa4 Bxb2+ 39. Kd2 Bd4 40. Ra2 Rf3 41. Ke1 Rb1+ 42. Kd2 Bf6 43. Ra7 Rb8 1/2-1/2

[Event "GER-ch Rapid 48th"]
[Site "Goettingen"]
[Date "2022.09.25"]
[Round "8"]
[White "Kopylov, Michael"]
[Black "Feuerstack, Aljoscha"]
[Result "0-1"]
[WhiteElo "2371"]
[BlackElo "2464"]
[PlyCount "90"]
[EventDate "2022.09.24"]
[EventType "swiss (rapid)"]
[EventRounds "9"]
[EventCountry "GER"]
[SourceTitle "CBM 210 Extra"]
[Source "ChessBase"]
[SourceDate "2022.11.30"]
[SourceVersion "1"]
[SourceVersionDate "2022.11.30"]
[SourceQuality "1"]

1. d4 d5 2. c4 c6 3. Nf3 Nf6 4. e3 Bf5 5. Nc3 e6 6. Nh4 Bg6 7. Qb3 Qc7 8. Nxg6 hxg6 9. Bd2 Nbd7 10. Rc1 Nb6 11. cxd5 exd5 12. h3 Be7 13. Be2 g5 14. Rf1 Qd7 15. a4 Nc8 16. Kd1 Nd6 17. Kc2 a6 18. a5 Nfe4 19. Be1 0-0 20. Na4 Rae8 21. Kb1 Bd8 22. Bd3 Kh8 23. f3 Nf6 24. Nc5 Qc8 25. Bd2 Nb5 26. Rce1 Be7 27. Na4 Qc7 28. Qc2 Bd6 29. Rc1 Re7 30. Rfe1 Rfe8 31. Nc5 Bg3 32. Rf1 Nh5 33. Qd1 g6 34. e4 Bf4 35. exd5 Ng3 36. Rf2 Nxd4 37. Bc3 Be5 38. Bxg6 Nb5 39. Bxe5+ Rxe5 40. Be4 f5 41. dxc6 fxe4 42. Qd7 e3 43. Rfc2 bxc6 44. Qg4 e2 45. Nd3 e1Q 0-1

[Event "GER-ch Rapid 48th"]
[Site "Goettingen"]
[Date "2022.09.24"]
[Round "3"]
[White "Kopylov, Michael"]
[Black "Schenderowitsch, Michael"]
[Result "1/2-1/2"]
[WhiteElo "2371"]
[BlackElo "2292"]
[PlyCount "58"]
[EventDate "2022.09.24"]
[EventType "swiss (rapid)"]
[EventRounds "9"]
[EventCountry "GER"]
[SourceTitle "CBM 210 Extra"]
[Source "ChessBase"]
[SourceDate "2022.11.30"]
[SourceVersion "1"]
[SourceVersionDate "2022.11.30"]
[SourceQuality "1"]

1. d4 e6 2. g3 c5 3. Nf3 b5 4. Bg2 Bb7 5. 0-0 Nf6 6. b3 Na6 7. Bb2 Be7 8. Nbd2 0-0 9. c4 b4 10. d5 exd5 11. Nh4 Rb8 12. cxd5 Nxd5 13. Nc4 Nc3 14. Bxc3 bxc3 15. Bxb7 Rxb7 16. Qd5 Rc7 17. a3 Bxh4 18. gxh4 Qxh4 19. Rac1 Qg4+ 20. Kh1 Qe6 21. Rfd1 Qxe2 22. Rxc3 Qe6 23. Re3 Qxd5+ 24. Rxd5 Nb8 25. Re7 Rb7 26. Re3 Rc7 27. Re7 Rb7 28. Re3 Rc7 29. Re7 g6 1/2-1/2

[Event "GER-ch Rapid 48th"]
[Site "Goettingen"]
[Date "2022.09.24"]
[Round "2"]
[White "Svane, Rasmus"]
[Black "Kopylov, Michael"]
[Result "1-0"]
[WhiteElo "2615"]
[BlackElo "2371"]
[PlyCount "29"]
[EventDate "2022.09.24"]
[EventType "swiss (rapid)"]
[EventRounds "9"]
[EventCountry "GER"]
[SourceTitle "CBM 210 Extra"]
[Source "ChessBase"]
[SourceDate "2022.11.30"]
[SourceVersion "1"]
[SourceVersionDate "2022.11.30"]
[SourceQuality "1"]

1. Nf3 d5 2. g3 c6 3. Bg2 Bg4 4. 0-0 Nd7 5. h3 Bh5 6. d4 e6 7. c4 Ngf6 8. cxd5 cxd5 9. Qb3 Qb6 10. Nc3 Be7 11. Ne5 Qxd4 12. Qxb7 Rb8 13. Qc6 Qc5 14. g4 Bg6 15. g5 1-0

[Event "Lehrte Comitec"]
[Site "Lehrte"]
[Date "2022.08.20"]
[Round "9"]
[White "Kopylov, Michael"]
[Black "Pubantz, Jan"]
[Result "1/2-1/2"]
[WhiteElo "2365"]
[BlackElo "2271"]
[PlyCount "65"]
[EventDate "2022.08.14"]
[EventType "tourn"]
[EventRounds "9"]
[EventCountry "GER"]
[EventCategory "3"]
[SourceTitle "EXT 2024"]
[Source "ChessBase"]
[SourceDate "2023.10.10"]
[SourceVersion "1"]
[SourceVersionDate "2023.10.10"]
[SourceQuality "1"]

1. d4 d5 2. c4 c6 3. Nf3 Nf6 4. e3 Bf5 5. Nc3 e6 6. Nh4 Be4 7. f3 Bg6 8. Qb3 Qc7 9. Bd2 Be7 10. Rc1 Bh5 11. f4 Ne4 12. Nf3 Nxc3 13. Bxc3 Nd7 14. Bd3 Bg6 15. Be2 dxc4 16. Bxc4 Nf6 17. Ne5 Be4 18. 0-0 Nd5 19. Bd2 Qb6 20. Ng4 Nf6 21. Nf2 Bg6 22. Bc3 Ne4 23. Rce1 Qxb3 24. Bxb3 Nxf2 25. Rxf2 Be4 26. Bc2 Bxc2 27. Rxc2 f6 28. e4 Kf7 29. Kf2 Rhd8 30. Kf3 Rd7 31. Rd2 Rad8 32. g4 g6 33. h3 1/2-1/2

[Event "Lehrte Comitec"]
[Site "Lehrte"]
[Date "2022.08.18"]
[Round "7"]
[White "Kopylov, Michael"]
[Black "Plischki, Sebastian"]
[Result "1/2-1/2"]
[WhiteElo "2365"]
[BlackElo "2374"]
[PlyCount "23"]
[EventDate "2022.08.14"]
[EventType "tourn"]
[EventRounds "9"]
[EventCountry "GER"]
[EventCategory "3"]
[SourceTitle "EXT 2024"]
[Source "ChessBase"]
[SourceDate "2023.10.10"]
[SourceVersion "1"]
[SourceVersionDate "2023.10.10"]
[SourceQuality "1"]

1. d4 Nf6 2. c4 g6 3. Nc3 Bg7 4. Nf3 d6 5. g3 0-0 6. Bg2 Nbd7 7. 0-0 e5 8. e4 Re8 9. h3 b6 10. Be3 exd4 11. Nxd4 Bb7 12. f3 1/2-1/2

[Event "Lehrte Comitec"]
[Site "Lehrte"]
[Date "2022.08.15"]
[Round "3"]
[White "Kopylov, Michael"]
[Black "Lanka, Zigurds"]
[Result "1/2-1/2"]
[WhiteElo "2365"]
[BlackElo "2399"]
[PlyCount "33"]
[EventDate "2022.08.14"]
[EventType "tourn"]
[EventRounds "9"]
[EventCountry "GER"]
[EventCategory "3"]
[SourceTitle "EXT 2024"]
[Source "ChessBase"]
[SourceDate "2023.10.10"]
[SourceVersion "1"]
[SourceVersionDate "2023.10.10"]
[SourceQuality "1"]

1. d4 Nf6 2. c4 g6 3. Nc3 Bg7 4. e4 d6 5. Nf3 0-0 6. Be2 e5 7. dxe5 dxe5 8. Qxd8 Rxd8 9. Bg5 Re8 10. Nd5 Nxd5 11. cxd5 c6 12. Bc4 cxd5 13. Bxd5 Na6 14. Be3 Nc7 15. Bb3 Be6 16. Nd2 Bxb3 17. Nxb3 1/2-1/2

[Event "Belgrade Summer IM 4th"]
[Site "Belgrade"]
[Date "2022.07.30"]
[Round "9"]
[White "Joshua, AP."]
[Black "Kopylov, Michael"]
[Result "1/2-1/2"]
[WhiteElo "2153"]
[BlackElo "2359"]
[PlyCount "37"]
[EventDate "2022.07.24"]
[EventType "tourn"]
[EventRounds "9"]
[EventCountry "SRB"]
[EventCategory "1"]
[SourceTitle "CBM 209 Extra"]
[Source "ChessBase"]
[SourceDate "2022.09.30"]
[SourceVersion "1"]
[SourceVersionDate "2022.09.30"]
[SourceQuality "1"]

1. Nf3 d5 2. g3 Nf6 3. Bg2 g6 4. 0-0 Bg7 5. c4 0-0 6. cxd5 Nxd5 7. d4 Nb6 8. Nc3 Nc6 9. d5 Na5 10. e4 c6 11. Bf4 Nac4 12. dxc6 Qxd1 13. Nxd1 bxc6 14. e5 Nd5 15. Rc1 Ncb6 16. Nd4 Bd7 17. Re1 Rac8 18. Bd2 c5 19. Nb3 1/2-1/2

[Event "Belgrade Summer IM 4th"]
[Site "Belgrade"]
[Date "2022.07.27"]
[Round "5"]
[White "Krallis, Christos"]
[Black "Kopylov, Michael"]
[Result "0-1"]
[WhiteElo "2378"]
[BlackElo "2359"]
[PlyCount "90"]
[EventDate "2022.07.24"]
[EventType "tourn"]
[EventRounds "9"]
[EventCountry "SRB"]
[EventCategory "1"]
[SourceTitle "CBM 209 Extra"]
[Source "ChessBase"]
[SourceDate "2022.09.30"]
[SourceVersion "1"]
[SourceVersionDate "2022.09.30"]
[SourceQuality "1"]

1. e4 Nf6 2. e5 Nd5 3. d4 d6 4. Nf3 dxe5 5. Nxe5 c6 6. Be2 Bf5 7. 0-0 Nd7 8. Nf3 e6 9. c4 N5f6 10. Nc3 Bd6 11. Nh4 Bg6 12. c5 Bc7 13. Bg5 e5 14. d5 Nxc5 15. Nxg6 hxg6 16. b4 e4 17. g3 Be5 18. dxc6 Bxc3 19. bxc5 bxc6 20. Qa4 Bxa1 21. Qxc6+ Kf8 22. Rxa1 Rc8 23. Qd6+ Qxd6 24. cxd6 Rc2 25. Bd1 Rc6 26. Be3 Rxd6 27. Bxa7 Nd7 28. a4 Ke7 29. Be3 Ra8 30. Be2 Rd5 31. h4 Rda5 32. Bd1 Ne5 33. Rb1 Rxa4 34. Rb7+ Ke6 35. Rb6+ Kf5 36. Kg2 Ra1 37. Be2 Re1 38. g4+ Nxg4 39. Rb5+ Ne5 40. Bf1 f6 41. Bd4 Rd8 42. Bc3 Rc1 43. Bb2 Rb1 44. f4 Rd2+ 45. Kg3 Rxf1 0-1